Brotación de propágulos de reproducción vegetativa de Convolvulus arvensis en un gradiente térmico : implicancias en el manejo de cultivos en el Valle Inferior del Río Negro /
Guardado en:
| Autor Principal: | |
|---|---|
| Autor Corporativo: | |
| Otros Autores: | |
| Formato: | Libro |
| Idioma: | Spanish |
| Publicado: |
Bahía Blanca,
2021.
|
| Materias: | |
| Acceso en línea: | Acceso a texto completo |
| Etiquetas: |
Agregar Etiqueta
Sin Etiquetas, Sea el primero en etiquetar este registro!
|
| LEADER | 01392nam a22003015a 4500 | ||
|---|---|---|---|
| 001 | EEA.libagro011343 | ||
| 008 | 211007s2021####ag#ao#########000#0#spa#d | ||
| 005 | 20220201130110.0 | ||
| 245 | 1 | 0 | |a Brotación de propágulos de reproducción vegetativa de Convolvulus arvensis en un gradiente térmico : |b implicancias en el manejo de cultivos en el Valle Inferior del Río Negro / |c Hernán Redondo. |
| 260 | |a Bahía Blanca, |c 2021. | ||
| 300 | |a 40 h. : |b il. (algunas col.), fot. col. ; |c 30 cm. | ||
| 500 | |a Trabajo de intensificación (Ingeniero Agrónomo) -- Universidad Nacional del Sur. Departamento de Agronomía, 2021. | ||
| 530 | |a Disponible también en línea. | ||
| 100 | 1 | |a Redondo, Hernán. | |
| 700 | 1 | |a Sabbatini, Mario Ricardo, |e tutor. | |
| 710 | 2 | |a Universidad Nacional del Sur. |b Departamento de Agronomía. | |
| 082 | 0 | 4 | |a 632.58 |2 20 |
| 650 | 7 | |a Malezas |2 agrovoc | |
| 650 | 7 | |a Horticultura |x Malezas |2 agrovoc | |
| 650 | 7 | |a Propagulos |x Brotación |2 agrovoc | |
| 650 | 7 | |a Brotación |x Gradiente de temperatura |2 agrovoc | |
| 650 | 7 | |a Propagación vegetativa |2 agrovoc | |
| 650 | 7 | |a Fenología |2 agrovoc | |
| 650 | 7 | |a Convolvulus arvensis |2 agrovoc | |
| 653 | |a Correhuela | ||
| 651 | 7 | |a Río Negro (Argentina) |2 agrovoc | |
| 856 | 4 | 1 | |y Acceso a texto completo |u https://repositoriodigital.uns.edu.ar/xmlui/handle/123456789/5789 |
| 859 | |a AR-BbBCA |b BIB. AGRONOMIA |h 632.58 |i R319 |p 2021/7178 | ||
